| 000 | 00920nam a22002897a 4500 | ||
|---|---|---|---|
| 001 | BR2016001514 | ||
| 003 | BR-BrBNA | ||
| 005 | 20230928104843.0 | ||
| 007 | ta | ||
| 008 | 230509b bl.||||| |||| 00| 0 por d | ||
| 040 |
_aBR-BrBNA _bpor _cBiblioteca Nacional de Agricultura |
||
| 041 | _a(Por) | ||
| 072 | _aE50; E14 | ||
| 090 | _ E50 BR2016001514 | ||
| 100 | 1 | _aBricalli, L.C.L. | |
| 110 | 1 |
_aUniversidade Federal de Santa Maria, RS (Brasil) _99701 |
|
| 245 | 1 |
_aUma contribuição ao estudo das tipologias do turismo rural _bGrupo Turismo e Desenvolvimento. Série Dissertações Nº 4 |
|
| 260 | 3 |
_aSanta Maria, RS (Brasil): _c2003. |
|
| 300 | _a173 p. | ||
| 500 | _aBibliography p. 163-172; 9 illus.; 19 graphs.; 5 tables | ||
| 650 | _aTURISMO | ||
| 650 | _aDESENVOLVIMENTO SUSTENTÁVEL | ||
| 650 | _aCOMUNIDADE RURAL | ||
| 650 | _aECONOMIA | ||
| 909 |
_a202309 _bLucia _c55 _dLucia Elande |
||
| 942 | _cBK | ||
| 999 |
_c82092 _d82092 |
||